Trouvez 15 personnages de l'univers TWD - Statistiques

Statistiques générales
  • Ce quiz a été pris 36 fois
  • Le résultat moyen est 3 sur 15
Statistiques - réponses
Indice Personnages % Correct
TWD Carl
63%
TWD Glenn
50%
TWD / FTWD Morgan
43%
TWD Shane
30%
FTWD Alicia
20%
JEU Clémentine
20%
TWD Rosita
20%
TWD Beth
17%
JEU Kenny
17%
FTWD Nick
17%
DARYL DIXON Quinn
10%
DEAD CITY Croate
7%
FTWD Troy
7%
FTWD John
3%
TWD Théodore / T-Dog
3%
Aucun quiz correspondant
Distribution des résultats
% des personnes avec chaque résultat
Percentile par nombre de réponses
Votre historique - résultats
Vous n’avez pas pris ce quiz